Smallest countries by area - Statistics

General Stats
  • This quiz has been taken 21 times
  • The average score is 11 of 15
Answer Stats
Area(Km^2) Answer % Correct
0.44 Vatican City
100%
2 Monaco
95%
160 Liechtenstein
89%
61 San Marino
89%
443 Antigua and Barbuda
79%
344 Grenada
79%
26 Tuvalu
79%
431 Barbados
74%
21 Nauru
74%
261 Saint Kitts and Nevis
74%
389 Saint Vincent and the Grenadines
74%
316 Malta
68%
300 Maldives
58%
455 Seychelles
53%
181 Marshall Islands
47%
No matching quizzes found
Score Distribution
Percent of People with Each Score
Percentile by Number Answered
Your Score History
You have not taken this quiz